000
00343nam a2200145Ia 4500
008
090122s9999 xx 000 0 und d
082
_b
7560
_a
822
100
_a
Barker
_b
howard
245
_a
The hang of the gool
600
_a
Barker
630
_a
The hang of the gool
700
_a
Barker
730
_a
The hang of the gool
942
_c
BOOK
999
_c
31637
_d
31637